01054nam a2200229 a 450000100100000000500170001000800410002702000150006804000250008310000350010824501120014326000750025530000380033049000470036850000730041570000540048871000610054271000450060383000540064895201050070299900170080700004124620201002034726.0130927s1999 sp 000 0 spa d a840007968X aDO-SdBNPbspacBNPHU1 aRuiz Samaniego, Joseph.96783510aVísperas /cJoseph Ruiz Samaniego (fl. 1653-1670) ; estudio y edición, Luis Antonio González Marín. aBarcelona :bConsejo Superior de Investigaciones Científicas,c1999. a22, 264 p. : partituras ;c32 cm.1 aMonumentos de la Música Española ;v57 aIncluye referencias bibliográficas y notas al pie de las páginas1 aGonzález Marín, Luis Antonio, ed. lit.9678362 aConsejo Superior de Investigaciones Científicas,947862 aInstitución "Milà i Fontanals967837 0aMonumentos de la Música Española ;v57965588 001050718MOaGRbGRcCTd2013-09-27iLF1l0o p41246-10r2020-06-25w2020-06-25y1ZNo se presta c40736d40736